[Event "ZH-2011-0-00551"]
[Site "LSS email"]
[Date "2011.03.19"]
[Round "?"]
[White "Meissner, Ruediger"]
[Black "Santo, Moises"]
[Result "1-0"]
[WhiteElo "2170"]
[BlackElo "1815"]
[PlyCount "32"]
[EventDate "2011.03.17"]
[EventType "match (corr)"]
[EventRounds "2"]
[EventCountry "GER"]
[SourceTitle "Corr 2013"]
[Source "ChessBase"]
[SourceDate "2012.11.12"]
[SourceVersion "1"]
[SourceVersionDate "2012.11.12"]
[SourceQuality "1"]

1. e4 c5 2. Nf3 d6 3. d4 cxd4 4. Nxd4 Nf6 5. Nc3 g6 6. Be3 Bg7 7. f3 0-0 8. Qd2 Nc6 9. 0-0-0 d5 10. exd5 Nxd5 11. Nxc6 bxc6 12. Bd4 Nxc3 13. Qxc3 Bh6+ 14. Be3 Bxe3+ 15. Qxe3 Qb6 16. Qxe7 Be6 1-0

[Event "SA-2011-0-00183"]
[Site "LSS email"]
[Date "2011.03.10"]
[Round "?"]
[White "Signes Almodovar, Salvador"]
[Black "Santo, Moises"]
[Result "1-0"]
[WhiteElo "2174"]
[BlackElo "1860"]
[PlyCount "32"]
[EventDate "2011.02.13"]
[EventType "tourn (corr)"]
[EventRounds "6"]
[EventCountry "GER"]
[SourceTitle "Corr 2015"]
[Source "ChessBase"]
[SourceDate "2015.07.17"]
[SourceVersion "1"]
[SourceVersionDate "2015.07.17"]
[SourceQuality "1"]

1. d4 Nf6 2. Bg5 d5 3. Bxf6 exf6 4. e3 Be6 5. Ne2 Bd6 6. g3 0-0 7. Bg2 c6 8. 0-0 Nd7 9. Nd2 Qb6 10. b3 Qa6 11. Nf4 f5 12. Re1 Nf6 13. a3 b6 14. Nxe6 fxe6 15. c4 Qb7 16. b4 a5 1-0

[Event "RA-2011-0-00125"]
[Site "LSS email"]
[Date "2011.03.08"]
[Round "?"]
[White "Krzyzanowski, Wojciech Marcin"]
[Black "Santo, Moises"]
[Result "1-0"]
[WhiteElo "2128"]
[BlackElo "1815"]
[PlyCount "87"]
[EventDate "2011.02.01"]
[EventType "tourn (corr)"]
[EventRounds "6"]
[EventCountry "GER"]
[SourceTitle "Telechess CBM 145"]
[Source "Chessbase"]
[SourceDate "2011.11.11"]
[SourceVersion "1"]
[SourceVersionDate "2011.11.11"]
[SourceQuality "1"]

1. d4 Nf6 2. c4 g6 3. Nc3 Bg7 4. e4 d6 5. Nf3 0-0 6. h3 e5 7. d5 Nbd7 8. Bg5 h6 9. Be3 Nc5 10. Nd2 a5 11. Be2 Nfd7 12. g4 Nb6 13. h4 Bd7 14. b3 c6 15. h5 g5 16. Kf1 Qc7 17. Kg2 Na6 18. Rc1 Rad8 19. a3 Rfe8 20. Nf1 Bf8 21. Ng3 Ra8 22. Qc2 Rec8 23. Rhd1 Nc5 24. Nf5 Bxf5 25. exf5 cxd5 26. Rxd5 Nxd5 27. Nxd5 Qd8 28. f6 Rc6 29. Re1 e4 30. Bxc5 dxc5 31. Qxe4 Rxf6 32. Bd3 Bg7 33. Nxf6+ Bxf6 34. Qh7+ Kf8 35. Qxh6+ Bg7 36. Qh7 Qd7 37. Bf5 Qc6+ 38. Be4 Qe6 39. Re3 Qxg4+ 40. Rg3 Qf4 41. h6 Bd4 42. Rf3 Qg4+ 43. Kf1 Qh5 44. Qf5 1-0

[Event "RA-2011-0-00125"]
[Site "LSS email"]
[Date "2011.03.08"]
[Round "?"]
[White "Nichols, Scott"]
[Black "Santo, Moises"]
[Result "1/2-1/2"]
[WhiteElo "2533"]
[BlackElo "2159"]
[PlyCount "26"]
[EventDate "2011.02.01"]
[EventType "tourn (corr)"]
[EventRounds "6"]
[EventCountry "GER"]
[SourceTitle "Corr 2022"]
[Source "ChessBase"]
[SourceDate "2021.10.24"]
[SourceVersion "1"]
[SourceVersionDate "2021.10.24"]
[SourceQuality "1"]

1. e4 e5 2. Nf3 Nc6 3. Bc4 Nf6 4. d3 Be7 5. 0-0 0-0 6. a4 d6 7. h3 Be6 8. Re1 Bxc4 9. dxc4 a5 10. Nc3 Nb4 11. Nd5 Na6 12. b3 Nc5 13. Ba3 Nfxe4 1/2-1/2

[Event "RA-2011-0-00125"]
[Site "LSS email"]
[Date "2011.03.08"]
[Round "?"]
[White "Santo, Moises"]
[Black "Keevil, Paul"]
[Result "0-1"]
[WhiteElo "1815"]
[BlackElo "2090"]
[PlyCount "27"]
[EventDate "2011.02.01"]
[EventType "tourn (corr)"]
[EventRounds "6"]
[EventCountry "GER"]
[SourceTitle "Corr 2013"]
[Source "ChessBase"]
[SourceDate "2012.11.12"]
[SourceVersion "1"]
[SourceVersionDate "2012.11.12"]
[SourceQuality "1"]

1. d4 Nf6 2. c4 e6 3. Nc3 d5 4. cxd5 exd5 5. Bg5 Be7 6. e3 h6 7. Bh4 0-0 8. Bd3 c5 9. dxc5 Nbd7 10. Nge2 Nxc5 11. 0-0 Be6 12. Bc2 Qb6 13. Rb1 Nce4 14. Nd4 0-1

[Event "RA-2011-0-00125"]
[Site "LSS email"]
[Date "2011.03.08"]
[Round "?"]
[White "Santo, Moises"]
[Black "Lund, Jens Dahlen"]
[Result "0-1"]
[WhiteElo "1815"]
[BlackElo "2131"]
[PlyCount "49"]
[EventDate "2011.02.01"]
[EventType "tourn (corr)"]
[EventRounds "6"]
[EventCountry "GER"]
[SourceTitle "Telechess CBM 145"]
[Source "Chessbase"]
[SourceDate "2011.11.11"]
[SourceVersion "1"]
[SourceVersionDate "2011.11.11"]
[SourceQuality "1"]

1. d4 Nf6 2. c4 e6 3. Nc3 Bb4 4. Qc2 0-0 5. a3 Bxc3+ 6. Qxc3 b6 7. Nf3 Bb7 8. g3 d5 9. Bg2 dxc4 10. Qxc4 Bd5 11. Qc3 Nbd7 12. Be3 c5 13. 0-0 Ne4 14. Qd3 Rc8 15. Rfd1 c4 16. Qc2 f5 17. Rac1 Qe7 18. Nd2 Nd6 19. f3 a6 20. Bf4 Nb5 21. Nb1 g5 22. Be3 f4 23. Bf2 Qg7 24. a4 Nd6 25. Nc3 0-1

[Event "LSS RA-2010-0-00120"]
[Site "LSS email"]
[Date "2011.01.27"]
[Round "?"]
[White "Bubnov, Vladimir Semenovich"]
[Black "Santo, Moises"]
[Result "1-0"]
[WhiteElo "2167"]
[BlackElo "1827"]
[PlyCount "69"]
[EventDate "2010.12.29"]
[EventType "tourn (corr)"]
[EventRounds "6"]
[EventCountry "GER"]
[SourceTitle "Corr 2013"]
[Source "ChessBase"]
[SourceDate "2012.11.12"]
[SourceVersion "1"]
[SourceVersionDate "2012.11.12"]
[SourceQuality "1"]

1. c4 Nf6 2. Nc3 g6 3. e4 d6 4. d4 Bg7 5. Nf3 0-0 6. Be2 e5 7. Be3 Nbd7 8. d5 Ng4 9. Bg5 f6 10. Bh4 a5 11. 0-0 Nc5 12. Ne1 Nh6 13. Nd3 Nf7 14. f3 Bd7 15. b3 Bh6 16. Bf2 Qe7 17. a3 Nxd3 18. Bxd3 c5 19. dxc6 bxc6 20. b4 Nd8 21. c5 Nb7 22. cxd6 Nxd6 23. Qc2 Rfb8 24. bxa5 Rxa5 25. Rfb1 Rxb1+ 26. Qxb1 Nb5 27. a4 Nxc3 28. Qb3+ Nd5 29. exd5 cxd5 30. Bb6 Rc5 31. Bxc5 Qxc5+ 32. Kh1 Qd4 33. Rb1 f5 34. a5 e4 35. fxe4 1-0

[Event "LSS RA-2010-0-00120"]
[Site "LSS email"]
[Date "2011.01.27"]
[Round "?"]
[White "Krol, Wladyslaw"]
[Black "Santo, Moises"]
[Result "1/2-1/2"]
[WhiteElo "2059"]
[BlackElo "1827"]
[PlyCount "56"]
[EventDate "2010.12.29"]
[EventType "tourn (corr)"]
[EventRounds "6"]
[EventCountry "GER"]
[SourceTitle "Telechess CBM 147"]
[Source "ChessBase"]
[SourceDate "2012.03.16"]
[SourceVersion "1"]
[SourceVersionDate "2012.03.16"]
[SourceQuality "1"]

1. e4 c5 2. f4 d5 3. Nf3 dxe4 4. Ng5 Nf6 5. Bc4 Bg4 6. Bxf7+ Kd7 7. Qxg4+ Nxg4 8. Be6+ Kc6 9. Bxg4 e5 10. Nf7 Qe8 11. Nxe5+ Kc7 12. Nc3 Bd6 13. Nc4 Na6 14. a3 Rd8 15. 0-0 Kb8 16. Bf5 Rf8 17. Nxd6 Rxd6 18. Bxe4 c4 19. f5 Nc5 20. d3 Ka8 21. Be3 Qe5 22. Rf2 Nxe4 23. dxe4 Rd7 24. Re1 Qf6 25. Bf4 Re8 26. Ree2 Qb6 27. Bc1 h5 28. h3 Rf7 1/2-1/2

[Event "SA-2011-0-00176"]
[Site "LSS email"]
[Date "2011.01.26"]
[Round "?"]
[White "Santo, Moises"]
[Black "Carroll, Patrick J"]
[Result "0-1"]
[WhiteElo "1827"]
[BlackElo "2099"]
[PlyCount "47"]
[EventDate "2011.01.01"]
[EventType "tourn (corr)"]
[EventRounds "6"]
[EventCountry "GER"]
[SourceTitle "Telechess CBM 151"]
[Source "ChessBase"]
[SourceDate "2012.11.13"]
[SourceVersion "1"]
[SourceVersionDate "2012.11.13"]
[SourceQuality "1"]

1. e4 c5 2. Nf3 d6 3. d4 cxd4 4. Nxd4 Nf6 5. Nc3 a6 6. Be2 e5 7. Nb3 Be7 8. 0-0 0-0 9. Be3 Be6 10. a3 Re8 11. Qd3 Nbd7 12. Nd5 Nxd5 13. exd5 e4 14. Qxe4 Nf6 15. Qd3 Bxd5 16. Rfe1 Be4 17. Qd2 Nd5 18. Bd3 Bxd3 19. Qxd3 Nxe3 20. Rxe3 Qd7 21. c3 g6 22. Qd5 Bf8 23. Rae1 Rxe3 24. Rxe3 0-1

[Event "SA-2011-0-00176"]
[Site "LSS email"]
[Date "2011.01.26"]
[Round "?"]
[White "Santo, Moises"]
[Black "Sigurdsson, Johann Helgi"]
[Result "0-1"]
[WhiteElo "1827"]
[BlackElo "2104"]
[PlyCount "39"]
[EventDate "2011.01.01"]
[EventType "tourn (corr)"]
[EventRounds "6"]
[EventCountry "GER"]
[SourceTitle "Telechess CBM 151"]
[Source "ChessBase"]
[SourceDate "2012.11.13"]
[SourceVersion "1"]
[SourceVersionDate "2012.11.13"]
[SourceQuality "1"]

1. e4 e5 2. Nf3 Nc6 3. Bc4 Bc5 4. c3 Nf6 5. d4 exd4 6. e5 d5 7. Bb5 Ne4 8. cxd4 Bb6 9. Nc3 0-0 10. Be3 Bg4 11. h3 Bh5 12. 0-0 f6 13. Bxc6 bxc6 14. g4 Bg6 15. exf6 Qxf6 16. Ne5 Nxc3 17. bxc3 Rae8 18. Kg2 Rxe5 19. dxe5 Qxe5 20. Bxb6 0-1

[Event "LSS SA-2010-0-00172"]
[Site "LSS email"]
[Date "2011.01.01"]
[Round "?"]
[White "Santo, Moises"]
[Black "Iacobitz, Lucian Valentin"]
[Result "0-1"]
[WhiteElo "1855"]
[BlackElo "1944"]
[PlyCount "65"]
[EventDate "2010.12.05"]
[EventType "tourn (corr)"]
[EventRounds "6"]
[EventCountry "GER"]
[SourceTitle "Telechess CBM 149"]
[Source "ChessBase"]
[SourceDate "2012.07.17"]
[SourceVersion "1"]
[SourceVersionDate "2012.07.17"]
[SourceQuality "1"]
[BlackTeam "Netherlands"]
[BlackTeamCountry "NED"]

1. d4 Nf6 2. c4 e5 3. dxe5 Ng4 4. Nf3 Bc5 5. e3 Nc6 6. Nc3 Ngxe5 7. Nxe5 Nxe5 8. f4 Nc6 9. Bd3 d6 10. Qh5 Nb4 11. Bb1 g6 12. Qh6 Qe7 13. Kf2 Be6 14. a3 Na6 15. b4 Bb6 16. Bd3 f5 17. Na4 Rf8 18. Nxb6 axb6 19. Bb2 0-0-0 20. Qg7 Qxg7 21. Bxg7 Rf7 22. Bc3 d5 23. cxd5 Bxd5 24. Be2 c6 25. Rhc1 Kd7 26. Bd4 b5 27. a4 Nxb4 28. axb5 cxb5 29. Rab1 Nc6 30. Rxb5 Ke8 31. Bb6 Rdd7 32. Ra1 Kf8 33. Bc5+ 0-1

[Event "CP-2010-P-00008"]
[Site "LSS email"]
[Date "2010.09.28"]
[Round "?"]
[White "Muller, Henri Louis"]
[Black "Santo, Moises"]
[Result "1/2-1/2"]
[WhiteElo "2047"]
[BlackElo "2060"]
[PlyCount "62"]
[EventDate "2010.10.01"]
[EventType "tourn (corr)"]
[EventRounds "6"]
[EventCountry "GER"]
[SourceTitle "Telechess CBM 145"]
[Source "Chessbase"]
[SourceDate "2011.11.11"]
[SourceVersion "1"]
[SourceVersionDate "2011.11.11"]
[SourceQuality "1"]

1. e4 c5 2. Nf3 d6 3. d4 cxd4 4. Nxd4 Nf6 5. Nc3 g6 6. Be3 Bg7 7. f3 0-0 8. Qd2 Nc6 9. 0-0-0 d5 10. exd5 Nxd5 11. Nxc6 bxc6 12. Bd4 Nxc3 13. Qxc3 Bh6+ 14. Be3 Bxe3+ 15. Qxe3 Qb6 16. Qxe7 Be6 17. Qa3 Rad8 18. Bd3 Rd5 19. b3 Rfd8 20. Rde1 R5d7 21. h4 c5 22. Qb2 c4 23. bxc4 Qc7 24. Qc3 Rd4 25. h5 Bxc4 26. hxg6 fxg6 27. Re4 Rxe4 28. fxe4 Rc8 29. Bxc4+ Qxc4 30. Qxc4+ Rxc4 31. Re1 Kf7 1/2-1/2

[Event "LSS RA-2010-0-00100"]
[Site "LSS email"]
[Date "2010.08.12"]
[Round "?"]
[White "Slamenik, Jan"]
[Black "Santo, Moises"]
[Result "1/2-1/2"]
[WhiteElo "2158"]
[BlackElo "2051"]
[PlyCount "44"]
[EventDate "2010.06.19"]
[EventType "tourn (corr)"]
[EventRounds "6"]
[EventCountry "GER"]
[SourceTitle "Telechess CBM 143"]
[Source "ChessBase"]
[SourceDate "2011.07.15"]
[SourceVersion "1"]
[SourceVersionDate "2011.07.15"]
[SourceQuality "1"]

1. e4 c5 2. Nf3 Nc6 3. d4 cxd4 4. Nxd4 g6 5. Nc3 Bg7 6. Be3 Nf6 7. Bc4 0-0 8. Bb3 d6 9. h3 Bd7 10. 0-0 Na5 11. Qd3 Rc8 12. Rad1 a6 13. Nf3 b5 14. e5 dxe5 15. Nxe5 Nxb3 16. cxb3 Bf5 17. Qxd8 Rfxd8 18. Rxd8+ Rxd8 19. Nc6 Rd7 20. Bf4 Bf8 21. Re1 b4 22. Na4 Nd5 1/2-1/2

[Event "LSS RA-2010-0-00100"]
[Site "LSS email"]
[Date "2010.08.12"]
[Round "?"]
[White "Wimmer, Jaroslav"]
[Black "Santo, Moises"]
[Result "1/2-1/2"]
[WhiteElo "2127"]
[BlackElo "2070"]
[PlyCount "132"]
[EventDate "2010.06.19"]
[EventType "tourn (corr)"]
[EventRounds "6"]
[EventCountry "GER"]
[SourceTitle "Telechess CBM 143"]
[Source "ChessBase"]
[SourceDate "2011.07.15"]
[SourceVersion "1"]
[SourceVersionDate "2011.07.15"]
[SourceQuality "1"]

1. d4 Nf6 2. Nf3 g6 3. g3 Bg7 4. Bg2 0-0 5. 0-0 d6 6. c4 Bf5 7. Nc3 Ne4 8. Nh4 Nxc3 9. bxc3 Bc8 10. f4 c5 11. f5 Nc6 12. Be3 Bd7 13. dxc5 dxc5 14. Rb1 b6 15. Qc1 Rc8 16. Bh6 Qc7 17. Bd5 Kh8 18. Qg5 Qe5 19. Rbd1 Rcd8 20. Bg2 Bxh6 21. Qxh6 Qg7 22. Qxg7+ Kxg7 23. fxg6 hxg6 24. Rxd7 Rxd7 25. Bxc6 Rd2 26. Kf2 Rxa2 27. Rd1 Rc8 28. Be4 Rc7 29. Ng2 a5 30. Ke1 a4 31. Ne3 e6 32. Bb1 Ra3 33. Kd2 Rd7+ 34. Kc2 Rb7 35. Kd2 Kh6 36. h4 f5 37. Rf1 g5 38. Rh1 gxh4 39. Rxh4+ Kg6 40. Rh8 Kg5 41. Rd8 Kf6 42. Rg8 Ra7 43. Kc2 Rh7 44. Nf1 Ra1 45. Nd2 Rd7 46. Kb2 Rxd2+ 47. Kxa1 Rxe2 48. Rb8 Kg5 49. Rg8+ Kh5 50. Rg7 a3 51. Rg8 Kh6 52. g4 Rg2 53. g5+ Rxg5 54. Re8 Rg6 55. Ka2 Kg5 56. Kxa3 Rf6 57. Kb2 Kf4 58. Bc2 e5 59. Kc1 e4 60. Rh8 Rg6 61. Rh4+ Kf3 62. Rh1 Rg2 63. Kd1 Kf2 64. Re1 Rg3 65. Re2+ Kf3 66. Kd2 Rg6 1/2-1/2

[Event "LSS RA-2010-0-00100"]
[Site "LSS email"]
[Date "2010.08.12"]
[Round "?"]
[White "Windheim, Charles"]
[Black "Santo, Moises"]
[Result "1/2-1/2"]
[WhiteElo "1925"]
[BlackElo "2047"]
[PlyCount "68"]
[EventDate "2010.06.19"]
[EventType "tourn (corr)"]
[EventRounds "6"]
[EventCountry "GER"]
[SourceTitle "Telechess CBM 143"]
[Source "ChessBase"]
[SourceDate "2011.07.15"]
[SourceVersion "1"]
[SourceVersionDate "2011.07.15"]
[SourceQuality "1"]

1. e4 c5 2. Nf3 Nc6 3. d4 cxd4 4. Nxd4 g6 5. Nc3 Bg7 6. Be3 Nf6 7. Bc4 0-0 8. Bb3 d6 9. f3 Bd7 10. Qd2 Rc8 11. h4 Ne5 12. 0-0-0 Nc4 13. Bxc4 Rxc4 14. h5 Nxh5 15. g4 Nf6 16. Bh6 Nxe4 17. Qe3 Rxc3 18. bxc3 Nf6 19. Bxg7 Kxg7 20. Qh6+ Kh8 21. Nf5 Bxf5 22. gxf5 Rg8 23. Qe3 gxf5 24. Rhe1 Re8 25. Qxa7 Qc7 26. Qe3 f4 27. Qxf4 Qxc3 28. Re3 Qa1+ 29. Kd2 Qxa2 30. Rxe7 Qa5+ 31. Kc1 Qa1+ 32. Kd2 Qa5+ 33. Kc1 Qa1+ 34. Kd2 Qa5+ 1/2-1/2

[Event "LSS RA-2010-0-00099"]
[Site "LSS email"]
[Date "2010.08.06"]
[Round "?"]
[White "Santo, Moises"]
[Black "Evtushenko, Sergey Aleksandrovi"]
[Result "1/2-1/2"]
[WhiteElo "2051"]
[BlackElo "2072"]
[PlyCount "60"]
[EventDate "2010.06.16"]
[EventType "tourn (corr)"]
[EventRounds "6"]
[EventCountry "GER"]
[SourceTitle "Telechess CBM 143"]
[Source "ChessBase"]
[SourceDate "2011.07.15"]
[SourceVersion "1"]
[SourceVersionDate "2011.07.15"]
[SourceQuality "1"]

1. d4 d5 2. c4 c6 3. Nc3 e6 4. Nf3 dxc4 5. a4 Bb4 6. Bd2 Nf6 7. e3 c5 8. dxc5 Nbd7 9. Bxc4 Nxc5 10. 0-0 0-0 11. Rc1 b6 12. Qe2 Bb7 13. Rfd1 Qe7 14. Ne5 h6 15. f3 Rfd8 16. Be1 Rac8 17. Nb5 Rxd1 18. Rxd1 Bxe1 19. Qxe1 Bd5 20. a5 a6 21. Nd4 Qc7 22. Bxd5 Qxe5 23. Nc6 Qd6 24. Be4 Qf8 25. Na7 Rd8 26. Bc2 Rxd1 27. Qxd1 Nd5 28. Qd4 bxa5 29. Nc6 a4 30. e4 Nc7 1/2-1/2

[Event "LSS SA-2010-0-00142"]
[Site "LSS email"]
[Date "2010.07.25"]
[Round "?"]
[White "Ulasevich, Sergei"]
[Black "Santo, Moises"]
[Result "1-0"]
[WhiteElo "2126"]
[BlackElo "2043"]
[PlyCount "51"]
[EventDate "2010.07.03"]
[EventType "tourn (corr)"]
[EventRounds "6"]
[EventCountry "GER"]
[SourceTitle "Telechess CBM 143"]
[Source "ChessBase"]
[SourceDate "2011.07.15"]
[SourceVersion "1"]
[SourceVersionDate "2011.07.15"]
[SourceQuality "1"]

1. e4 c5 2. Nf3 d6 3. d4 cxd4 4. Nxd4 Nf6 5. Nc3 g6 6. Be3 Bg7 7. f3 0-0 8. Qd2 Nc6 9. Bc4 Bd7 10. 0-0-0 Rc8 11. Bb3 Ne5 12. Kb1 a6 13. h4 h5 14. g4 hxg4 15. h5 Nxh5 16. Rdg1 e6 17. fxg4 Nf6 18. Bg5 Re8 19. Qh2 b5 20. Nce2 a5 21. Nf4 Kf8 22. Qh4 a4 23. Bxe6 Nf3 24. Nxf3 Bxe6 25. Bh6 Bxh6 26. Nxg6+ 1-0

[Event "LSS RA-2010-0-00096"]
[Site "LSS email"]
[Date "2010.06.20"]
[Round "?"]
[White "Schroeder, Christoph"]
[Black "Santo, Moises"]
[Result "1/2-1/2"]
[WhiteElo "2132"]
[BlackElo "2071"]
[PlyCount "50"]
[EventDate "2010.05.27"]
[EventType "tourn (corr)"]
[EventRounds "6"]
[EventCountry "GER"]
[SourceTitle "Telechess CBM 147"]
[Source "ChessBase"]
[SourceDate "2012.03.16"]
[SourceVersion "1"]
[SourceVersionDate "2012.03.16"]
[SourceQuality "1"]

1. e4 c5 2. Nf3 d6 3. d4 cxd4 4. Nxd4 Nf6 5. Nc3 g6 6. Be3 Bg7 7. f3 0-0 8. Qd2 Nc6 9. g4 Be6 10. Nxe6 fxe6 11. 0-0-0 Ne5 12. Be2 Qa5 13. g5 Nfd7 14. f4 Nf7 15. Bg4 Nd8 16. e5 Nb6 17. Bxb6 axb6 18. exd6 exd6 19. Qxd6 Bxc3 20. Bxe6+ Nxe6 21. Qxe6+ Kh8 22. bxc3 Qxc3 23. Qe5+ Qxe5 24. fxe5 Rxa2 25. Kb1 Ra5 1/2-1/2

[Event "LSS SA-2010-0-00136"]
[Site "LSS email"]
[Date "2010.06.16"]
[Round "?"]
[White "Kele, Karoly"]
[Black "Santo, Moises"]
[Result "0-1"]
[WhiteElo "2034"]
[BlackElo "2079"]
[PlyCount "86"]
[EventDate "2010.05.27"]
[EventType "tourn (corr)"]
[EventRounds "6"]
[EventCountry "GER"]
[SourceTitle "Telechess CBM 141"]
[Source "ChessBase"]
[SourceDate "2011.03.17"]
[SourceVersion "1"]
[SourceVersionDate "2011.03.17"]
[SourceQuality "1"]

1. e4 c5 2. Nf3 d6 3. d4 cxd4 4. Nxd4 Nf6 5. Nc3 g6 6. Be3 Bg7 7. f3 0-0 8. Qd2 Nc6 9. Bc4 Bd7 10. Bb3 Rc8 11. 0-0-0 Ne5 12. Kb1 a6 13. h4 h5 14. g4 hxg4 15. h5 Nxh5 16. Bh6 Kh7 17. Bxg7 Kxg7 18. f4 Nc4 19. Bxc4 Rxc4 20. f5 e5 21. Nde2 Bc6 22. Qe3 Rh8 23. fxg6 f5 24. Rxh5 Rxh5 25. Ng3 Rg5 26. exf5 Rf4 27. a3 Qd7 28. Rd2 Rgxf5 29. Nxf5+ Rxf5 30. Ne4 Bxe4 31. Qxe4 Rf4 32. Qh1 Kxg6 33. b3 Rf3 34. Qd1 Rf6 35. Rg2 Kg5 36. Qd2+ Rf4 37. Qd5 Rf1+ 38. Ka2 Rf6 39. Rh2 Qf5 40. Qh1 Qf3 41. Rh5+ Kf4 42. Qc1+ Kg3 43. Rh1 Qf2 0-1

[Event "LSS SA-2010-0-00136"]
[Site "LSS email"]
[Date "2010.06.14"]
[Round "?"]
[White "Benassi, Aspasio"]
[Black "Santo, Moises"]
[Result "1/2-1/2"]
[WhiteElo "2132"]
[BlackElo "2063"]
[PlyCount "56"]
[EventDate "2010.05.27"]
[EventType "tourn (corr)"]
[EventRounds "6"]
[EventCountry "GER"]
[SourceTitle "Telechess CBM 141"]
[Source "ChessBase"]
[SourceDate "2011.03.17"]
[SourceVersion "1"]
[SourceVersionDate "2011.03.17"]
[SourceQuality "1"]

1. e4 c5 2. Nf3 d6 3. Bb5+ Bd7 4. Bxd7+ Qxd7 5. d4 cxd4 6. Qxd4 Nc6 7. Qd3 g6 8. 0-0 Bg7 9. Nc3 Nf6 10. h3 0-0 11. Bg5 Rfc8 12. Rfe1 Qd8 13. Rad1 Nd7 14. Nd5 h6 15. Bc1 e6 16. Nc3 Nc5 17. Qd2 Qa5 18. a3 Qb6 19. Qxd6 Bxc3 20. bxc3 Nxe4 21. Qf4 Qxf2+ 22. Kh2 Ng5 23. Nxg5 Qxf4+ 24. Bxf4 hxg5 25. Bxg5 Na5 26. Bf6 Rc5 27. Rd7 b5 28. Red1 Nc6 1/2-1/2

[Event "LSS RA-2010-0-00094"]
[Site "LSS email"]
[Date "2010.06.10"]
[Round "?"]
[White "De Melo, Gerson Luis"]
[Black "Santo, Moises"]
[Result "1/2-1/2"]
[WhiteElo "2043"]
[BlackElo "2071"]
[PlyCount "69"]
[EventDate "2010.05.15"]
[EventType "tourn (corr)"]
[EventRounds "6"]
[EventCountry "GER"]
[SourceTitle "Telechess CBM 147"]
[Source "ChessBase"]
[SourceDate "2012.03.16"]
[SourceVersion "1"]
[SourceVersionDate "2012.03.16"]
[SourceQuality "1"]

1. d4 Nf6 2. Nf3 g6 3. e3 Bg7 4. Bd3 0-0 5. 0-0 d6 6. c4 Nbd7 7. Nc3 e5 8. b3 Qe7 9. Bc2 b6 10. e4 exd4 11. Nxd4 Bb7 12. Nd5 Nxd5 13. exd5 Rae8 14. Bb2 Qh4 15. Nf3 Qf4 16. Bxg7 Kxg7 17. Qd4+ Qxd4 18. Nxd4 Re7 19. Rfe1 Rfe8 20. Rxe7 Rxe7 21. Kf1 a6 22. Re1 Kf6 23. f4 Rxe1+ 24. Kxe1 Ke7 25. a4 a5 26. g4 Nc5 27. Ke2 h6 28. h4 Bc8 29. Kf3 Kf6 30. Nb5 Na6 31. Kg3 Bd7 32. Nd4 Nc5 33. g5+ Kg7 34. Bd1 Ne4+ 35. Kf3 1/2-1/2